| 000 | 00931nam a2200217Ii 4500 | ||
|---|---|---|---|
| 003 | JO-AjNU | ||
| 008 | 230605s9999||||xx |||||||||||||| ||und|| | ||
| 017 | _a1996/3896 | ||
| 040 |
_aJO-AjNU _bara _erda _cJO-AjNU |
||
| 041 | _aara | ||
| 050 | 1 | 4 | _aBP166.84 1996 |
| 100 | 3 |
_aالدمشقي، أبي الفداء عماد الدين إسماعيل بن كثير ؛ تحقيق وتقديم: أبو محمد أشرف بن عبد المقصود بن عبد الرحيم, _eauthor _915822 |
|
| 245 | 0 | 0 | _aالمسيح الدجال منبع الكفر والضلال وينبوع الفتن والأوجال |
| 250 | _aط1 | ||
| 264 | 3 | 1 | _aالقاهرة: مكتبة السنة الدار السلفية لنشر العلم، 1996 |
| 300 | _a160ص | ||
| 336 |
_atext _btxt _2rdacontent |
||
| 337 |
_aunmediated _bn _2rdamedia |
||
| 338 |
_avolume _bnc _2rdacarrier |
||
| 650 | 4 |
_aيوم القيامة- المسيح الدجال _915823 |
|
| 999 |
_aA4557 _c8125 _d8125 |
||